[Event "Where is the UK's Summer?"]
[Site "SchemingMind.com"]
[Date "2024.08.19"]
[Round "-"]
[White "cnile"]
[Black "agoodhobby"]
[Result "1-0"]
[WhiteCountry "SCO"]
[BlackCountry "USA"]
[WhiteElo "1283"]
[WhiteRD "59"]
[BlackElo "1501"]
[BlackRD "65"]
[GameID "746676"]

1. c4 e5 2. Nc3 Nf6 3. g3 Bb4 4. Bg2 c6 5. e4 d6 6. Nge2 O-O 7. d3 Bg4 8. f3 Bh5 9. g4 Bg6 10. h4 d5
11. cxd5 cxd5 12. Bd2 d4 13. Qb3 dxc3 14. bxc3 Bxc3 15. Qxc3 Nc6 16. O-O h5 17. gxh5 Bxh5 18. Rab1 Rc8 19. Qb3 b6 20. Bh3 Rc7
21. Ng3 Nd4 22. Qd1 Nxf3+ 23. Kh1 Nxd2 24. Qxd2 Rc4 25. Qg5 Qxd3 26. Nf5 Qxe4+ 27. Bg2 Qg4 28. Nh6+ Kh7 29. Nxg4 Rxg4 30. Be4+ Nxe4
31. Qxh5+ Kg8 32. Qxg4 Nd2 33. Rg1 Nxb1 34. Qxg7#
1-0

[Event "Where is the UK's Summer?"]
[Site "SchemingMind.com"]
[Date "2024.08.19"]
[Round "-"]
[White "agoodhobby"]
[Black "cnile"]
[Result "1-0"]
[WhiteCountry "USA"]
[BlackCountry "SCO"]
[WhiteElo "1501"]
[WhiteRD "65"]
[BlackElo "1283"]
[BlackRD "59"]
[GameID "746677"]

1. e4 e5 2. Nf3 Nc6 3. Bb5 a6 4. Ba4 Nf6 5. O-O b5 6. Bb3 Be7 7. Re1 O-O 8. c3 d5 9. exd5 Nxd5 10. Nxe5 Nxe5
11. Rxe5 c6 12. d4 Bd6 13. Re1 Qh4 14. g3 Qh3 15. Bxd5 cxd5 16. Re3 Bg4 17. f3 Be6 18. Qf1 Qh5 19. Qf2 Rae8 20. b3 f5
21. f4 Qd1+ 22. Re1 Qg4 23. Ba3 Bxa3 24. Nxa3 Rf6 25. Rac1 Rh6 26. c4 g5 27. cxb5 axb5 28. Rc6 gxf4 29. Qxf4 Qh5 30. Qf2 Re7
31. Nxb5 f4 32. Re5 Qd1+ 33. Qf1 Qd2 34. Re2 Qd3 35. Rcc2 Qxb5 36. Qxf4 Rf7 37. Qxh6 Qb6 38. Rc8+ Bxc8 39. Re8+ Rf8 40. Qxf8#
1-0

[Event "Where is the UK's Summer?"]
[Site "SchemingMind.com"]
[Date "2024.08.20"]
[Round "-"]
[White "cnile"]
[Black "ray winteringham"]
[Result "0-1"]
[WhiteCountry "SCO"]
[BlackCountry "ENG"]
[WhiteElo "1283"]
[WhiteRD "59"]
[BlackElo "1455"]
[BlackRD "49"]
[GameID "746678"]

1. c4 Nf6 2. g3 e6 3. Bg2 c6 4. Nc3 Be7 5. e4 d6 6. Nge2 Bd7 7. d4 h6 8. O-O O-O 9. d5 e5 10. Kh1 Na6
11. a3 c5 12. f4 exf4 13. Bxf4 Nc7 14. b3 b6 15. e5 dxe5 16. Bxe5 Bg4 17. d6 Bxd6 18. Bxd6 Bxe2 19. Qxe2 Qxd6 20. Bxa8 Nxa8
21. Rad1 Qc6+ 22. Qf3 Qxf3+ 23. Rxf3 Nc7 24. Kg2 Ng4 25. Rd7 Rc8 26. Nd5 Nxd5 27. Rxd5 Re8 28. Rd2 Kf8 29. Rd7 Re2+ 30. Kh3 h5
31. Rfxf7+ Ke8 32. Rxg7 Rxh2#
0-1

[Event "Where is the UK's Summer?"]
[Site "SchemingMind.com"]
[Date "2024.08.19"]
[Round "-"]
[White "ray winteringham"]
[Black "cnile"]
[Result "1-0"]
[WhiteCountry "ENG"]
[BlackCountry "SCO"]
[WhiteElo "1455"]
[WhiteRD "49"]
[BlackElo "1283"]
[BlackRD "59"]
[GameID "746679"]

1. g3 e5 2. e4 Nc6 3. Bg2 Bc5 4. d3 d6 5. Nf3 f5 6. exf5 Bxf5 7. a3 h6 8. Be3 Bxe3 9. fxe3 Nf6 10. O-O Qe7
11. Nbd2 O-O 12. Re1 Qf7 13. e4 Be6 14. Rf1 Ne7 15. Qe2 b5 16. d4 a5 17. d5 Bd7 18. c4 Rfb8 19. b3 bxc4 20. bxc4 Rb2
21. Qd1 Rbb8 22. Rb1 Bg4 23. Qc2 Nd7 24. Nxe5 Qe8 25. Nxg4 Nc5 26. e5 Qd7 27. e6 Qe8 28. Rf7
1-0

[Event "Where is the UK's Summer?"]
[Site "SchemingMind.com"]
[Date "2024.08.19"]
[Round "-"]
[White "cnile"]
[Black "Chessibelle"]
[Result "0-1"]
[WhiteCountry "SCO"]
[BlackCountry "ENG"]
[WhiteElo "1283"]
[WhiteRD "59"]
[BlackElo "992"]
[BlackRD "62"]
[GameID "746680"]

1. c4 c5 2. g3 Nc6 3. Bg2 Qc7 4. Nc3 Nf6 5. e4 e5 6. d3 g6 7. Nge2 Be7 8. O-O b6 9. Kh1 d6 10. f4 h5
11. fxe5 Nxe5 12. Be3 Qd7 13. Nf4 Nfg4 14. Bg1 Bb7 15. Nfd5 Bd8 16. Qf3 Bg5 17. Nb5 Nxf3 18. Rxf3 O-O 19. Raf1 Ne5 20. R3f2 Nxd3
0-1

[Event "Where is the UK's Summer?"]
[Site "SchemingMind.com"]
[Date "2024.08.19"]
[Round "-"]
[White "Chessibelle"]
[Black "cnile"]
[Result "0-1"]
[WhiteCountry "ENG"]
[BlackCountry "SCO"]
[WhiteElo "992"]
[WhiteRD "62"]
[BlackElo "1283"]
[BlackRD "59"]
[GameID "746681"]

1. Nf3 d5 2. d4 Nf6 3. h3 e6 4. Bd2 c5 5. b3 Nc6 6. e3 Be7 7. Nc3 cxd4 8. exd4 a6 9. Bd3 Qb6 10. O-O Nxd4
11. Na4 Bd7 12. Ne5 Qc7 13. f4 b5 14. Nc3 O-O 15. Qe1 Bc5 16. Kh2 Rfc8 17. g3 Nh5 18. Qd1 Nf5 19. Qxh5 Be8 20. Ne2 f6
21. Qf3 fxe5 22. c4 e4 23. Bxe4 dxe4 24. Qxe4 Bc6 25. Qxe6+ Kh8 26. Qxf5 Re8 27. Rae1 Rad8 28. Bc3 Rf8 29. Qxc5 Rc8 30. Qa3 Rfe8
31. h4 h6 32. Nd4 Qb6 33. Nf5 Rxe1 34. Bxe1 Bd7 35. Ne7 Re8 36. Nd5 Qe6 37. Kg1 Qe2 38. Qc1 Bh3 39. Nc3 Qg2#
0-1

[Event "Where is the UK's Summer?"]
[Site "SchemingMind.com"]
[Date "2024.08.19"]
[Round "-"]
[White "cnile"]
[Black "wight knight"]
[Result "0-1"]
[WhiteCountry "SCO"]
[BlackCountry "ENG"]
[WhiteElo "1283"]
[WhiteRD "59"]
[BlackElo "1178"]
[BlackRD "64"]
[GameID "746682"]

1. c4 e5 2. Nc3 c6 3. g3 Bb4 4. Bg2 Bxc3 5. bxc3 Nf6 6. d3 d6 7. e4 Bg4 8. f3 Bd7 9. Ne2 a5 10. Rb1 c5
11. O-O a4 12. Kh1 h5 13. Be3 h4 14. d4 h3 15. Rxb7 hxg2+ 16. Kxg2 Bh3+ 17. Kg1 Bxf1 18. Qxf1 O-O 19. Bg5 Qc8 20. Rb2 a3
21. Rb6 Qc7 22. Rb1 cxd4 23. cxd4 Nc6 24. d5 Nd4 25. Qh3 Nxe2+ 26. Kf2 Qxc4
0-1

[Event "Where is the UK's Summer?"]
[Site "SchemingMind.com"]
[Date "2024.08.19"]
[Round "-"]
[White "wight knight"]
[Black "cnile"]
[Result "0-1"]
[WhiteCountry "ENG"]
[BlackCountry "SCO"]
[WhiteElo "1172"]
[WhiteRD "66"]
[BlackElo "1290"]
[BlackRD "59"]
[GameID "746683"]

1. e4 e5 2. Bc4 Nf6 3. f3 d5 4. exd5 Nxd5 5. g3 Nb6 6. b3 Nxc4 7. bxc4 Bc5 8. Bb2 Nc6 9. f4 Bd4 10. Bxd4 Qxd4
11. Nf3 Qxa1 12. O-O Qxa2 13. Nc3 Qxc4 14. fxe5 Bh3 15. Re1 O-O 16. Ng5 Bf5 17. Rf1 Qd4+ 18. Kg2 Nxe5 19. Rxf5 Rad8 20. Nf3 Nxf3
21. Rxf3 Qxd2+ 22. Qxd2 Rxd2+ 23. Kh3 Rxc2 24. Nd5 a5 25. Ne7+ Kh8 26. g4 b5 27. Rf5 b4 28. Rxa5 c5 29. Nd5 b3 30. Rb5 c4
31. Ne7 b2 32. Nd5 f5 33. Ne3 fxg4+ 34. Kxg4 Rxh2 35. Nxc4 h5+ 36. Kg3 Rff2 37. Na3 h4+ 38. Kg4 Rf1 39. Rb8+ Kh7 40. Kg5 Rg2+
41. Kh5 g6+ 42. Kxh4 Rh1#
0-1

[Event "Where is the UK's Summer?"]
[Site "SchemingMind.com"]
[Date "2024.08.19"]
[Round "-"]
[White "agoodhobby"]
[Black "ray winteringham"]
[Result "0-1"]
[WhiteCountry "USA"]
[BlackCountry "ENG"]
[WhiteElo "1453"]
[WhiteRD "69"]
[BlackElo "1440"]
[BlackRD "48"]
[GameID "746686"]

1. d4 d5 2. c4 e6 3. Nc3 Ne7 4. Nf3 dxc4 5. e3 g6 6. Bxc4 Bg7 7. O-O O-O 8. Qb3 b6 9. Bd2 Bb7 10. Rac1 Nd7
11. Bb5 Bxf3 12. gxf3 c6 13. Bd3 e5 14. Rfe1 Kh8 15. d5 Nf6 16. e4 cxd5 17. exd5 Nfxd5 18. Be4 Nxc3 19. Bxc3 f6 20. Bxa8 Qxa8
21. f4 Nf5 22. fxe5 Nh4 23. Kf1 fxe5 24. Bxe5 Nf3 25. Bxg7+ Kxg7 26. Rc7+ Kh6 27. Ke2 Nd4+ 28. Kd3 Nxb3 29. Ree7 Nc5+ 30. Kc4 Rf4+
31. Kb5 Qh8 32. b4 Nd3 33. a3 Qg8 34. Rxh7+ Qxh7 35. Rxh7+ Kxh7 36. Ka6 Rf7 37. a4 Nxb4+ 38. Kb5 Nd3 39. a5 bxa5 40. Kxa5 Rb7
41. h4 Nxf2 42. Ka6 Rb1 43. Kxa7 Kg7 44. Ka6 Kf6 45. Ka5 Ke5 46. Ka4 Kd5 47. Ka3 Kc4 48. Ka2 Rb8
0-1

[Event "Where is the UK's Summer?"]
[Site "SchemingMind.com"]
[Date "2024.08.19"]
[Round "-"]
[White "ray winteringham"]
[Black "agoodhobby"]
[Result "1-0"]
[WhiteCountry "ENG"]
[BlackCountry "USA"]
[WhiteElo "1440"]
[WhiteRD "48"]
[BlackElo "1453"]
[BlackRD "69"]
[GameID "746687"]

1. g3 e5 2. e4 d5 3. Bg2 Nf6 4. Nc3 c6 5. d3 Bb4 6. Bd2 O-O 7. exd5 cxd5 8. a3 Bxc3 9. Bxc3 Nc6 10. Ne2 Bf5
11. O-O Re8 12. b4 d4 13. Bb2 Qc7 14. f4 a5 15. fxe5 Rxe5 16. Bxc6 Qxc6 17. Nxd4 Qc8 18. Re1 Rxe1+ 19. Qxe1 Bh3 20. bxa5 Rxa5
21. Qxa5 h6 22. Re1 Qg4 23. Qa8+ Kh7 24. Qxb7 Nh5 25. Qe4+ f5 26. Qf3 Qg5 27. Re5 Bg4 28. Qf2 g6 29. Nc6 f4 30. Rxg5 fxg3
31. Qf7+ Ng7 32. Qxg7#
1-0

[Event "Where is the UK's Summer?"]
[Site "SchemingMind.com"]
[Date "2024.08.19"]
[Round "-"]
[White "agoodhobby"]
[Black "Chessibelle"]
[Result "1-0"]
[WhiteCountry "USA"]
[BlackCountry "ENG"]
[WhiteElo "1453"]
[WhiteRD "69"]
[BlackElo "1002"]
[BlackRD "63"]
[GameID "746688"]

1. e4 e5 2. Nf3 d6 3. d4 Be7 4. dxe5 Bd7 5. exd6 cxd6 6. Nc3 a6 7. Bc4 h6 8. O-O Nf6 9. Re1 O-O 10. e5 Ne8
11. e6 fxe6 12. Bxe6+ Kh8 13. Bxd7 Nxd7 14. Qd4 Bf6 15. Qe4 b6 16. Nd5 Nc5 17. Qe2 Be7 18. Nxe7 Nf6 19. Ng6+ Kg8 20. Nxf8 Kxf8
21. b4 d5 22. bxc5 bxc5 23. Ba3 Kg8 24. Bxc5 Qc8 25. Bd4 Qf8 26. Bxf6 gxf6 27. Rab1 Kh7 28. Rb7+ Kg8 29. Qe6+ Kh8 30. Qd7 Qg8
31. Re7
1-0

[Event "Where is the UK's Summer?"]
[Site "SchemingMind.com"]
[Date "2024.08.19"]
[Round "-"]
[White "Chessibelle"]
[Black "agoodhobby"]
[Result "0-1"]
[WhiteCountry "ENG"]
[BlackCountry "USA"]
[WhiteElo "1002"]
[WhiteRD "63"]
[BlackElo "1453"]
[BlackRD "69"]
[GameID "746689"]

1. Nf3 Nc6 2. a3 e5 3. e4 Nf6 4. g3 Nxe4 5. d3 Nf6 6. Be2 d5 7. O-O Bc5 8. c3 O-O 9. Nh4 Bh3 10. Re1 e4
11. Qd2 Re8 12. d4 Bd6 13. b4 e3 14. fxe3 Ne4 15. Qd3 Qg5 16. Nf3 Qg6 17. Nh4 Bxg3 18. Rd1 Bf2+
0-1

[Event "Where is the UK's Summer?"]
[Site "SchemingMind.com"]
[Date "2024.08.19"]
[Round "-"]
[White "agoodhobby"]
[Black "wight knight"]
[Result "0-1"]
[WhiteCountry "USA"]
[BlackCountry "ENG"]
[WhiteElo "1501"]
[WhiteRD "65"]
[BlackElo "1178"]
[BlackRD "64"]
[GameID "746690"]

1. e4 e5 2. Nf3 f6 3. Bc4 Bc5 4. O-O b6 5. c3 Ba6 6. Bxa6 Nxa6 7. Qa4 h5 8. Qxa6 h4 9. d4 Bd6 10. dxe5 fxe5
11. Nbd2 h3 12. Nc4 g5 13. Nxd6+ cxd6 14. Bxg5 Qc8 15. Rfd1 Qxa6 16. Rxd6 Ne7 17. Nxe5 Qb7 18. f3 Nc6 19. Nxc6 dxc6 20. Rad1 O-O
21. Re6 Qg7 22. f4 hxg2 23. Rdd6 Rae8 24. Bh6 Qg4 25. Rg6+ Qxg6 26. Rxg6+ Kh7 27. f5 Rg8 28. Rxc6 Rxe4 29. Bd2 Re2 30. Rc7+ Kh8
31. Bh6 Re1+ 32. Kf2 g1=Q+ 33. Kf3 Qf1#
0-1

[Event "Where is the UK's Summer?"]
[Site "SchemingMind.com"]
[Date "2024.08.19"]
[Round "-"]
[White "wight knight"]
[Black "agoodhobby"]
[Result "0-1"]
[WhiteCountry "ENG"]
[BlackCountry "USA"]
[WhiteElo "1178"]
[WhiteRD "64"]
[BlackElo "1501"]
[BlackRD "65"]
[GameID "746691"]

1. e4 c5 2. Bc4 e6 3. Qf3 Nc6 4. c3 Nf6 5. b4 Be7 6. Ba3 d5 7. exd5 exd5 8. Bb5 a6 9. Bxc6+ bxc6 10. bxc5 O-O
11. d4 Bg4 12. Qg3 Bf5 13. Nh3 Bxb1 14. Rxb1 Ne4 15. Qg4 Nxc3 16. Rc1 Qa5 17. Bb2 Na4+ 18. Kd1 Nxb2+ 19. Kc2 Qxa2 20. Qg3 Rab8
21. Ra1 Qc4+ 22. Qc3 Qe2+ 23. Qd2 Qe4+ 24. Kc3 Qxg2 25. Nf4 Qf3+ 26. Nd3 Nxd3 27. Kc2 Rb2+ 28. Kc3 Rxd2 29. Kxd2 Bg5+ 30. Kc3 Nxf2+
31. Kb4 Nxh1 32. Rxa6 Bd2+
0-1

[Event "Where is the UK's Summer?"]
[Site "SchemingMind.com"]
[Date "2024.08.19"]
[Round "-"]
[White "ray winteringham"]
[Black "Chessibelle"]
[Result "1-0"]
[WhiteCountry "ENG"]
[BlackCountry "ENG"]
[WhiteElo "1440"]
[WhiteRD "48"]
[BlackElo "1002"]
[BlackRD "63"]
[GameID "746694"]

1. e4 e5 2. Bc4 Nf6 3. d3 Be7 4. Nc3 g6 5. f4 d6 6. Nf3 h6 7. O-O c5 8. Ne2 Nh7 9. h3 O-O 10. f5 Nf6
11. Bxh6 Re8 12. Ng3 b6 13. fxg6 Qd7 14. Ng5 d5 15. Bxd5 Nxd5 16. gxf7+ Kh8 17. fxe8=Q+ Qxe8 18. Qf3 Nf6 19. Nf5 Bf8 20. Bxf8 Qxf8
21. Nh4 Qh6 22. Nf7+
1-0

[Event "Where is the UK's Summer?"]
[Site "SchemingMind.com"]
[Date "2024.08.19"]
[Round "-"]
[White "Chessibelle"]
[Black "ray winteringham"]
[Result "0-1"]
[WhiteCountry "ENG"]
[BlackCountry "ENG"]
[WhiteElo "1002"]
[WhiteRD "63"]
[BlackElo "1440"]
[BlackRD "48"]
[GameID "746695"]

1. Nf3 Nc6 2. d4 d5 3. e3 Bf5 4. g3 Nb4 5. Ke2 Nxc2 6. Nbd2 Nxa1 7. Ne5 Nc2 8. f3 Nb4 9. Qa4+ c6 10. Qxb4 Rb8
11. Nb3 e6 12. Qe1 Bd6 13. f4 Nf6 14. Nd2 Bxe5 15. fxe5 Ne4 16. b3 O-O 17. Ba3 Re8 18. h3 Qa5 19. Bc1 b6 20. Qd1 Nc3+
21. Ke1 Nxd1
0-1

[Event "Where is the UK's Summer?"]
[Site "SchemingMind.com"]
[Date "2024.08.19"]
[Round "-"]
[White "ray winteringham"]
[Black "wight knight"]
[Result "1-0"]
[WhiteCountry "ENG"]
[BlackCountry "ENG"]
[WhiteElo "1455"]
[WhiteRD "49"]
[BlackElo "1178"]
[BlackRD "64"]
[GameID "746696"]

1. e4 e5 2. d4 c5 3. d5 b6 4. Bd3 Ba6 5. Nc3 Bxd3 6. Qxd3 a6 7. Nf3 f6 8. Be3 b5 9. O-O c4 10. Qd1 g5
11. h3 Bb4 12. Bd2 Bxc3 13. Bxc3 a5 14. Nh2 b4 15. Bd2 d6 16. Qh5+ Ke7 17. Qg4 Qd7 18. Qh5 c3 19. bxc3 Na6 20. cxb4 Nxb4
21. c4 Rc8 22. Bxb4 axb4 23. Rfc1 Qe8 24. Qg4 Qd7 25. Qe2 h5 26. Rd1 Rb8 27. f3 b3 28. axb3 Nh6 29. Ra3 g4 30. fxg4 hxg4
31. hxg4 Rbg8 32. Qf2 Nxg4 33. Nxg4 Qxg4 34. Ra7+ Kf8 35. Qxf6+ Ke8 36. Qe7#
1-0

[Event "Where is the UK's Summer?"]
[Site "SchemingMind.com"]
[Date "2024.08.19"]
[Round "-"]
[White "wight knight"]
[Black "ray winteringham"]
[Result "0-1"]
[WhiteCountry "ENG"]
[BlackCountry "ENG"]
[WhiteElo "1178"]
[WhiteRD "64"]
[BlackElo "1455"]
[BlackRD "49"]
[GameID "746697"]

1. e4 e5 2. Bc4 Nf6 3. f3 Bc5 4. b3 O-O 5. Ba3 Bxa3 6. Nxa3 d6 7. Ne2 a6 8. Nc3 Nc6 9. O-O Qe7 10. Bd5 Nxd5
11. Nxd5 Qd7 12. c3 Ne7 13. Nxe7+ Qxe7 14. g4 Be6 15. Nc4 Bxc4 16. bxc4 c5 17. Qe1 Qd7 18. h4 Qa4 19. g5 Qxc4 20. a4 Qe6
21. Qg3 g6 22. Qg4 Qxg4+ 23. fxg4 b5 24. axb5 axb5 25. Rxa8 Rxa8 26. h5 Ra2 27. hxg6 fxg6 28. Rf6 Rxd2 29. Kf1 Rd3 30. Ke2 Rxc3
31. Rxd6 b4 32. Rb6 b3 33. Kd2 Rc2+ 34. Kd1 c4 35. Rb8+ Kf7 36. Rb7+ Ke6 37. Rb6+ Kd7 38. Rb7+ Kc6 39. Rxh7 Rg2 40. Kc1 c3
41. Rh1 Ra2 42. Kd1 Ra1+
0-1

[Event "Where is the UK's Summer?"]
[Site "SchemingMind.com"]
[Date "2024.08.19"]
[Round "-"]
[White "Chessibelle"]
[Black "wight knight"]
[Result "0-1"]
[WhiteCountry "ENG"]
[BlackCountry "ENG"]
[WhiteElo "992"]
[WhiteRD "62"]
[BlackElo "1178"]
[BlackRD "64"]
[GameID "746700"]

1. Nf3 f6 2. d4 g5 3. g4 d5 4. h3 h5 5. Nh2 hxg4 6. Qd3 Rh6 7. e3 gxh3 8. b3 b6 9. Nd2 Ba6 10. c4 dxc4
11. bxc4 b5 12. cxb5 Bb7 13. e4 a6 14. Be2 a5 15. Bd1 f5 16. a4 Bg7 17. Nb3 Bxe4 18. Qc4 Bxh1 19. Qxg8+ Bf8 20. Qxg5 e6
21. Qg3 Qd6 22. f4 Bd5 23. Bc2 Qb4+ 24. Kf2 Bxb3 25. Bd3 Qxd4+ 26. Be3 Qxd3 27. Re1 Bxa4 28. Qf3 Bxb5 29. Qg3 Bc6 30. Re2 Bb5
31. Rd2 Qe4 32. Qg1 Na6 33. Ke1 Rd8 34. Kd1 Qb1#
0-1

[Event "Where is the UK's Summer?"]
[Site "SchemingMind.com"]
[Date "2024.08.19"]
[Round "-"]
[White "wight knight"]
[Black "Chessibelle"]
[Result "0-1"]
[WhiteCountry "ENG"]
[BlackCountry "ENG"]
[WhiteElo "1178"]
[WhiteRD "64"]
[BlackElo "992"]
[BlackRD "62"]
[GameID "746701"]

1. e4 e5 2. Bc4 Nf6 3. f3 g6 4. b3 d6 5. Ne2 Bg7 6. d4 O-O 7. Bg5 a6 8. Bxf6 Bxf6 9. O-O c6 10. g4 g5
11. Ng3 b5 12. Bd3 Bb7 13. a4 Nd7 14. Nf5 Kh8 15. Nxd6 Qb8 16. Nxb7 Qxb7 17. axb5 cxb5 18. Nc3 exd4 19. Nd5 Bd8 20. c3 dxc3
21. Nxc3 Bb6+ 22. Kh1 f6 23. Nd5 Ba7 24. Qc2 Ne5 25. Rac1 Qg7 26. f4 Nxg4 27. Rg1 Nh6 28. fxg5 fxg5 29. Rgf1 Nf7 30. Nc7 Rab8
31. Ne6 Qh6 32. Qc3+ Kg8 33. Nxf8 Rxf8 34. Rf6 Qh5 35. e5 Re8 36. Qc7 Rf8 37. e6 Bb8 38. exf7+ Kg7 39. Qc3 Qxh2#
0-1